| 000 | 01555naa a22003257a 4500 | ||
|---|---|---|---|
| 001 | BR8103350 | ||
| 003 | BR-BrBNA | ||
| 005 | 20240918174745.0 | ||
| 007 | ta | ||
| 008 | 230509b bl.||||| |||| 00| 0 por d | ||
| 040 |
_aBR-BrBNA _bpor _cBiblioteca Nacional de Agricultura |
||
| 041 | _a(Pt) | ||
| 072 |
_aK50 _b8912 _b8915 _bG514 |
||
| 090 | _aK50 BR8103350 | ||
| 100 | 1 | _aMelo, C.F.M. de | |
| 100 | 1 | _aHuhn, S. | |
| 111 | 1 |
_a1. Congresso Brasileiro de Florestas Tropicais _cVicosa, MG (Brazil) _d21 Oct 1974 |
|
| 245 | 1 | _aPolpas branqueadas de madeiras da Amazonia [Industria florestal; Brasil] | |
| 246 | 1 | _a[Whited pulps from Amazon timber [Forest industry; Brazil]] | |
| 246 | 1 | _a[Annals of the 1. Brazilian Congress of Tropical Forests] | |
| 260 | 3 |
_aVicosa, MG (Brasil): _c1981. |
|
| 500 | _aUniversidade Federal de Vicosa, MG (Brazil). Depto. de Engenharia Florestal; Conselho Nacional de Desenvolvimento Cientifico e Tecnologico, Brasilia, DF (Brazil) Anais do 1. Congresso Brasileiro de Florestas Tropicais Vicosa, MG (Brasil): 1981. v. 1 p. 208-229 (BR8103350-AM)K50 | ||
| 650 | _aIndustria florestal | ||
| 650 | _aPolpa | ||
| 650 | _aMadeira | ||
| 650 | _aAmazonia | ||
| 773 | 0 |
_tAnais do 1. Congresso Brasileiro de Florestas Tropicais _aUniversidade Federal de Vicosa, MG (Brazil). Depto. de Engenharia Florestal; Conselho Nacional de Desenvolvimento Cientifico e Tecnologico, Brasilia, DF (Brazil) _wK50 BR8103350 _gVicosa, MG (Brasil), 1981. v. 1 p. 208-229 |
|
| 909 |
_a202404 _bLucia _c55 _dLucia Elande |
||
| 942 |
_cAM _2AGRIS |
||
| 999 |
_c313373 _d313373 |
||